000
00283nam a22001337a 4500
003
SGT
082
_a
612.015
_b
D15S
100
_a
DUBEY,SATYADEV
245
_a
DARYVIYA GUN SUTRAM
250
_a
1ST
260
_a
VARANASHI
_b
CHAUKHAMBHA PUB.
_c
2015
300
_a
159
942
_2
ddc
_c
BK
_0
5
999
_c
8298
_d
8298